Lil Uzi Vert - Eternal Atake - Statystyki

Ogólne statystyki
  • Ten quiz został rozwiązany 23 razy
  • Średni wynik to 12 z 18
Statystyki odpowiedzi
Feat Utwór % Poprawnych
Baby Pluto
82%
Homecoming
82%
Futsal Shuffle 2020
77%
Silly Watch
77%
Secure The Bag
73%
Venetia
73%
Celebration Station
68%
Lo Mein
68%
P2
68%
POP
68%
I'm Sorry
64%
That Way
64%
Syd Urgency
59%
You Better Move
59%
Bigger Than Life
55%
Bust Me
55%
Prices
55%
Chrome Heart Tags
50%
Nie znaleziono quizów pasujących do podanych kryteriów
Rozkład punktacji
Procent ludzi z każdym wynikiem
Percentyl według liczby udzielonych odpowiedzi
Twoja historia wyników
Nie rozwiązałeś tego quizu